000 01322nam a2200349 c 4500
003 BLK
005 20220609095739.0
008 180410b bul|||||r ||||||| ||bul||
010 _aKNG00157589000
020 _a978-954-28-1342-2
_bиздат.: Сиела Норма
040 _aBLK
041 _aBUL
_cBUL
072 7 _2bullib
_aН8301
_xТрилъри Н
080 _aИспанска литература
_b821.134.2
_x-312.4
_z821.134.2-312.4
100 1 _aМедиано, Лоренсо
_eпърви автор
_994533
700 1 _aМихайлова, Свидна Димитрова
_eпрев. от исп.
_9331291
139 _aМедиано, Лоренсо
_bМ 45
245 1 0 _aГлинописецът
_bИст. трилър
_cЛоренсо Медиано; прев. от исп. Свидна Димитрова Михайлова.
257 _aSPA
260 София
_bСиела Норма
_c2013
300 _a420 с.
_c22 см
380 _aX
500 _aОриг. загл. El escriba del barro / Lorenzo Mediano.
653 _aтрилъри
653 _aромани
659 _aН
852 _aЦб 268217
856 4 _qpdf
_u
856 4 _qpdf
_u
942 _cKNG
_n0
_04
944 _aCR
_c08.03.2014
_lф /
_kЛюдмила_Стоянова
944 _aED
_c18.02.2015
_lф /
_kПенка_Димитрова
999 _c151203
_d151203